| 000 | 00512nam a2200169 i 4500 | ||
|---|---|---|---|
| 001 | 102564 | ||
| 003 | ES-MaACL | ||
| 005 | 20240522092753.0 | ||
| 007 | t| | ||
| 008 | 051117s1967 sp ||||1| spa d | ||
| 100 | 1 |
_aMerton, Thomas. _980619 |
|
| 245 | 1 | 0 |
_aConjeturas de un espectador culpable / _cThomas Merton; [traducción de José María Valverde]. |
| 300 |
_a323 p. ; _c21 cm. |
||
| 700 | 1 |
_aValverde, José María, _d1926-1996 _9113013 |
|
| 852 |
_aES-MaACL _jG-5081 _bR.61841 |
||
| 999 |
_c102564 _d102564 |
||